000 00497nam a2200217Ia 4500
003 0100
008 130303s9999 xx 000 0 und d
020 _a038502505X
040 _cARRUPELIB
050 _aB765.T521C55 1972
245 3 _aAn Aquinas reader
260 _aNew York
260 _bFordham University Press
260 _C1972
300 _a597p.
300 _b 19cm.
650 _aPHILOSOPHY
650 _bLove in literature
700 _aClark, Mary T. (ed)
942 0 0 _02
999 _c10105
_d10105